Greater Melbourne Suburbs-Text - Statistics

General Stats
  • This quiz has been taken 8 times
  • The average score is 194 of 387
Answer Stats
City Suburb/Locality % Correct
CARDINIA Beaconsfield
88%
BAYSIDE Beaumaris
88%
CASEY Berwick
88%
BAYSIDE Black Rock
88%
BAYSIDE Brighton
88%
BAYSIDE Brighton East
88%
STONNINGTON Malvern
88%
STONNINGTON Malvern East
88%
STONNINGTON Prahran
88%
DAREBIN Preston
88%
BAYSIDE Sandringham
88%
STONNINGTON Toorak
88%
YARRA Abbotsford
75%
MOONEE PONDS Airport West
75%
PORT PHILLIP Albert Park
75%
DAREBIN Alphington
75%
MOONEE PONDS Ascot Vale
75%
PORT PHILLIP Balaclava
75%
HUME Broadmeadows
75%
BOROONDARA Canterbury
75%
MELTON Caroline Springs
75%
GLEN EIRA Caulfield
75%
GLEN EIRA Caulfield East
75%
GLEN EIRA Caulfield North
75%
GLEN EIRA Caulfield South
75%
HUME Craigieburn
75%
MELBOURNE East Melbourne
75%
NILLUMBIK Eltham
75%
WHITTLESEA Epping
75%
MOONEE PONDS Flemington
75%
MARIBYRNONG Footscray
75%
BOROONDARA Glen Iris
75%
MONASH Glen Waverley
75%
BANYULE Heidelberg
75%
BANYULE Heidelberg West
75%
WYNDHAM Hoppers Crossing
75%
STONNINGTON Kooyong
75%
MELBOURNE Melbourne
75%
KINGSTON Mentone
75%
WHITTLESEA Mernda
75%
KINGSTON Mordialloc
75%
MONASH Mount Waverley
75%
DAREBIN Northcote
75%
MELBOURNE North Melbourne
75%
MELBOURNE Parkville
75%
MERRI-BEK Pascoe Vale
75%
MERRI-BEK Pascoe Vale South
75%
WYNDHAM Point Cook
75%
DAREBIN Reservoir
75%
YARRA Richmond
75%
HOBSONS BAY Seaholme
75%
MARIBYRNONG Seddon
75%
PORT PHILLIP South Melbourne
75%
STONNINGTON South Yarra
75%
PORT PHILLIP St Kilda
75%
PORT PHILLIP St Kilda East
75%
WYNDHAM Tarneit
75%
MELTON Taylors Hill
75%
BRIMBANK Taylors Lakes
75%
DAREBIN Thornbury
75%
WYNDHAM Truganina
75%
WYNDHAM Werribee
75%
MELBOURNE West Melbourne
75%
STONNINGTON Windsor
75%
BOROONDARA Ashburton
63%
MONASH Ashwood
63%
KINGSTON Aspendale
63%
BOROONDARA Balwyn
63%
BOROONDARA Balwyn North
63%
GREATER DANDENONG Bangholme
63%
KNOX Bayswater
63%
MAROONDAH Bayswater North
63%
YARRA RANGES Belgrave
63%
GLEN EIRA Bentleigh
63%
KNOX Boronia
63%
HOBSONS BAY Brooklyn
63%
MERRI-BEK Brunswick
63%
YARRA Burnley
63%
WHITEHORSE Burwood
63%
WHITEHORSE Burwood East
63%
BOROONDARA Camberwell
63%
MELBOURNE Carlton
63%
MONASH Chadstone
63%
YARRA RANGES Chirnside Park
63%
YARRA Clifton Hill
63%
CASEY Clyde
63%
CASEY Clyde North
63%
YARRA Collingwood
63%
CASEY Cranbourne
63%
CASEY Cranbourne North
63%
CASEY Cranbourne South
63%
YARRA Cremorne
63%
MAROONDAH Croydon
63%
MAROONDAH Croydon Hills
63%
MAROONDAH Croydon South
63%
GREATER DANDENONG Dandenong
63%
GREATER DANDENONG Dandenong North
63%
GREATER DANDENONG Dandenong South
63%
BRIMBANK Deer Park
63%
KINGSTON Dingley Village
63%
MANNINGHAM Doncaster
63%
MANNINGHAM Doncaster East
63%
MANNINGHAM Donvale
63%
WHITTLESEA Doreen
63%
NILLUMBIK Eltham North
63%
PORT PHILLIP Elwood
63%
MOONEE PONDS Essendon
63%
YARRA Fairfield
63%
KNOX Ferntree Gully
63%
YARRA Fitzroy
63%
YARRA Fitzroy North
63%
WHITEHORSE Forest Hill
63%
FRANKSTON Frankston
63%
FRANKSTON Frankston North
63%
FRANKSTON Frankston South
63%
GLEN EIRA Gardenvale
63%
GLEN EIRA Glen Huntly
63%
BANYULE Greensborough
63%
BAYSIDE Hampton
63%
BOROONDARA Hawthorn
63%
NILLUMBIK Hurstbridge
63%
BRIMBANK Keilor
63%
BRIMBANK Keilor Downs
63%
MELBOURNE Kensington
63%
BOROONDARA Kew
63%
BOROONDARA Kew East
63%
GREATER DANDENONG Keysborough
63%
YARRA RANGES Kilsyth
63%
MAROONDAH Kilsyth South
63%
KNOX Knoxfield
63%
HOBSONS BAY Laverton
63%
WYNDHAM Laverton North
63%
MARIBYRNONG Maribyrnong
63%
PORT PHILLIP Middle Park
63%
WHITEHORSE Mont Albert
63%
WHITEHORSE Mont Albert North
63%
YARRA RANGES Mooroolbark
63%
YARRA RANGES Mount Evelyn
63%
HOBSONS BAY Newport
63%
MONASH Oakleigh
63%
MONASH Oakleigh South
63%
MERRI-BEK Oak Park
63%
GLEN EIRA Ormond
63%
PORT PHILLIP Port Melbourne
63%
MORNINGTON PENINSULA Portsea
63%
MAROONDAH Ringwood
63%
MAROONDAH Ringwood East
63%
KNOX Rowville
63%
KNOX Scoresby
63%
FRANKSTON Seaford
63%
MELBOURNE Southbank
63%
WHITTLESEA South Morang
63%
MELBOURNE South Wharf
63%
HOBSONS BAY Spotswood
63%
GREATER DANDENONG Springvale
63%
GREATER DANDENONG Springvale South
63%
BRIMBANK St Albans
63%
PORT PHILLIP St Kilda West
63%
BRIMBANK Sunshine
63%
BRIMBANK Sunshine West
63%
BOROONDARA Surrey Hills
63%
MANNINGHAM Templestowe
63%
WHITTLESEA Thomastown
63%
HUME Tullamarine
63%
KNOX Upper Ferntree Gully
63%
KNOX Wantirna
63%
KNOX Wantirna South
63%
NILLUMBIK Wattle Glen
63%
MARIBYRNONG West Footscray
63%
WYNDHAM Williams Landing
63%
HOBSONS BAY Williamstown
63%
HOBSONS BAY Williamstown North
63%
WHITTLESEA Wollert
63%
WYNDHAM Wyndham Vale
63%
MARIBYRNONG Yarraville
63%
STONNINGTON Armadale
50%
GLEN EIRA Bentleigh East
50%
WHITEHORSE Blackburn
50%
WHITEHORSE Blackburn North
50%
WHITEHORSE Blackburn South
50%
WHITEHORSE Box Hill
50%
WHITEHORSE Box Hill North
50%
MERRI-BEK Brunswick East
50%
MERRI-BEK Brunswick West
50%
MELTON Burnside
50%
MELTON Burnside Heights
50%
HUME Campbellfield
50%
MELBOURNE Carlton North
50%
KINGSTON Carrum
50%
FRANKSTON Carrum Downs
50%
KINGSTON Chelsea
50%
KINGSTON Cheltenham
50%
KINGSTON Clarinda
50%
MONASH Clayton
50%
KINGSTON Clayton South
50%
MERRI-BEK Coburg
50%
MERRI-BEK Coburg North
50%
CASEY Cranbourne East
50%
CASEY Cranbourne West
50%
MAROONDAH Croydon North
50%
BOROONDARA Deepdene
50%
NILLUMBIK Diamond Creek
50%
MELBOURNE Docklands
50%
MORNINGTON PENINSULA Dromana
50%
GLEN EIRA Elsternwick
50%
CASEY Endeavour Hills
50%
MOONEE PONDS Essendon North
50%
MOONEE PONDS Essendon West
50%
MERRI-BEK Glenroy
50%
HUME Greenvale
50%
CASEY Hallam
50%
BAYSIDE Hampton East
50%
BOROONDARA Hawthorn East
50%
MELTON Hillside
50%
BANYULE Ivanhoe
50%
BANYULE Ivanhoe East
50%
MOONEE PONDS Keilor East
50%
BRIMBANK Keilor Park
50%
MARIBYRNONG Kingsville
50%
WHITTLESEA Lalor
50%
YARRA RANGES Lilydale
50%
BANYULE Lower Plenty
50%
KNOX Lysterfield
50%
BANYULE Macleod
50%
WHITTLESEA Mill Park
50%
MOONEE PONDS Moonee Ponds
50%
MORNINGTON PENINSULA Mornington
50%
MORNINGTON PENINSULA Mount Eliza
50%
MORNINGTON PENINSULA Mount Martha
50%
MONASH Mulgrave
50%
CASEY Narre Warren
50%
CASEY Narre Warren North
50%
CASEY Narre Warren South
50%
MOONEE PONDS Niddrie
50%
GREATER DANDENONG Noble Park
50%
MONASH Oakleigh East
50%
NILLUMBIK Plenty
50%
YARRA Princes Hill
50%
MELTON Ravenhall
50%
NILLUMBIK Research
50%
MAROONDAH Ringwood North
50%
PORT PHILLIP Ripponlea
50%
MORNINGTON PENINSULA Rosebud
50%
MORNINGTON PENINSULA Rye
50%
MORNINGTON PENINSULA Safety Beach
50%
HOBSONS BAY Seabrook
50%
BRIMBANK Sydenham
50%
YARRA RANGES Tecoma
50%
MANNINGHAM Templestowe Lower
50%
KNOX The Basin
50%
YARRA RANGES Upwey
50%
WHITEHORSE Vermont
50%
WHITEHORSE Vermont South
50%
BANYULE Viewbank
50%
MANNINGHAM Warrandyte
50%
MAROONDAH Warranwood
50%
KINGSTON Waterways
50%
HUME Westmeadows
50%
MONASH Wheelers Hill
50%
BRIMBANK Albion
38%
HOBSONS BAY Altona
38%
HOBSONS BAY Altona Meadows
38%
HOBSONS BAY Altona North
38%
BRIMBANK Ardeer
38%
KINGSTON Aspendale Gardens
38%
HUME Attwood
38%
MOONEE PONDS Avondale Heights
38%
YARRA RANGES Belgrave Heights
38%
YARRA RANGES Belgrave South
38%
WHITEHORSE Box Hill South
38%
MANNINGHAM Bulleen
38%
DAREBIN Bundoora
38%
GLEN EIRA Carnegie
38%
KINGSTON Chelsea Heights
38%
HUME Dallas
38%
BRIMBANK Delahey
38%
BRIMBANK Derrimut
38%
BANYULE Eaglemont
38%
CARDINIA Emerald
38%
CASEY Eumemmerring
38%
MERRI-BEK Fawkner
38%
MAROONDAH Heathmont
38%
BAYSIDE Highett
38%
BRIMBANK Keilor North
38%
BRIMBANK Kings Park
38%
FRANKSTON Langwarrin
38%
CASEY Lyndhurst
38%
CASEY Lysterfield South
38%
WYNDHAM Manor Lakes
38%
HUME Meadow Heights
38%
BANYULE Montmorency
38%
YARRA RANGES Montrose
38%
YARRA RANGES Mount Dandenong
38%
GLEN EIRA Murrumbeena
38%
GREATER DANDENONG Noble Park North
38%
WHITEHORSE Nunawading
38%
KINGSTON Patterson Lakes
38%
BANYULE Rosanna
38%
HUME Roxburgh Park
38%
FRANKSTON Sandhurst
38%
YARRA RANGES Selby
38%
FRANKSTON Skye
38%
MORNINGTON PENINSULA Sorrento
38%
BRIMBANK Sunshine North
38%
MARIBYRNONG Tottenham
38%
MANNINGHAM Warrandyte South
38%
BANYULE Watsonia
38%
BANYULE Watsonia North
38%
MANNINGHAM Wonga Park
38%
BANYULE Yallambie
38%
BRIMBANK Albanvale
25%
MORNINGTON PENINSULA Baxter
25%
CASEY Botanic Ridge
25%
MARIBYRNONG Braybrook
25%
BANYULE Briar Hill
25%
BRIMBANK Cairnlea
25%
BRIMBANK Calder Park
25%
CARDINIA Cockatoo
25%
HUME Coolaroo
25%
MORNINGTON PENINSULA Crib Point
25%
CASEY Doveton
25%
KINGSTON Edithvale
25%
MOONEE PONDS Essendon Fields
25%
HUME Gladstone Park
25%
MERRI-BEK Gowanbrae
25%
MERRI-BEK Hadfield
25%
CASEY Hampton Park
25%
MORNINGTON PENINSULA Hastings
25%
KINGSTON Heatherton
25%
BANYULE Heidelberg Heights
25%
MONASH Hughesdale
25%
MONASH Huntingdale
25%
HUME Jacana
25%
CASEY Junction Village
25%
YARRA RANGES Kallista
25%
BRIMBANK Kealba
25%
BRIMBANK Keilor Lodge
25%
DAREBIN Kingsbury
25%
FRANKSTON Langwarrin South
25%
CASEY Lynbrook
25%
MARIBYRNONG Maidstone
25%
GLEN EIRA McKinnon
25%
CARDINIA Menzies Creek
25%
KINGSTON Moorabbin
25%
KINGSTON Moorabbin Airport
25%
MONASH Notting Hill
25%
KINGSTON Parkdale
25%
MANNINGHAM Park Orchards
25%
HUME Somerton
25%
HOBSONS BAY South Kingsville
25%
BANYULE St Helena
25%
MOONEE PONDS Strathmore
25%
MOONEE PONDS Strathmore Heights
25%
YARRA RANGES The Patch
25%
MORNINGTON PENINSULA Tootgarook
25%
MOONEE PONDS Travancore
25%
YARRA RANGES Wandin North
25%
MOONEE PONDS Aberfeldie
13%
CARDINIA Avonsleigh
13%
BANYULE Bellfield
13%
MORNINGTON PENINSULA Bittern
13%
MORNINGTON PENINSULA Blairgowrie
13%
KINGSTON Bonbeach
13%
KINGSTON Braeside
13%
MORNINGTON PENINSULA Capel Sound
13%
MORNINGTON PENINSULA McCrae
13%
HUME Melbourne Airport
13%
YARRA RANGES Monbulk
13%
NILLUMBIK North Warrandyte
13%
YARRA RANGES Sassafras
13%
MORNINGTON PENINSULA Somerville
13%
MORNINGTON PENINSULA St Andrews Beach
13%
MORNINGTON PENINSULA Tyabb
13%
NILLUMBIK Yarrambat
13%
CARDINIA Clematis
0%
CASEY Devon Meadows
0%
YARRA RANGES Ferny Creek
0%
CASEY Harkaway
0%
MORNINGTON PENINSULA HMAS Cerberus
0%
HUME Kalkallo
0%
YARRA RANGES Kalorama
0%
WHITEHORSE Mitchem
0%
YARRA RANGES Olinda
0%
CASEY Pearcedale
0%
YARRA RANGES Sherbrooke
0%
MORNINGTON PENINSULA Somers
0%
YARRA RANGES Tremont
0%
No matching quizzes found
Score Distribution
Percent of People with Each Score
Percentile by Number Answered
Your Score History
You have not taken this quiz